THE SUN OUR FUTURE ENERGY SOURSE (Record no. 580024)
[ view plain ]
| 000 -LEADER | |
|---|---|
| fixed length control field | 00325nam a22001337a 4500 |
| 020 ## - INTERNATIONAL STANDARD BOOK NUMBER | |
| International Standard Book Number | 0471-08213-9 |
| 082 ## - DEWEY DECIMAL CLASSIFICATION NUMBER | |
| Classification number | 621.4 MCD'S |
| 100 ## - MAIN ENTRY--PERSONAL NAME | |
| Personal name | MCDANIELS, DAVID.K |
| 9 (RLIN) | 74501 |
| 245 ## - TITLE STATEMENT | |
| Title | THE SUN OUR FUTURE ENERGY SOURSE |
| 260 ## - PUBLICATION, DISTRIBUTION, ETC. | |
| Place of publication, distribution, etc. | JOHN WILEY |
| Name of publisher, distributor, etc. | JOHN WILEY |
| Date of publication, distribution, etc. | 1979 |
| 300 ## - PHYSICAL DESCRIPTION | |
| Extent | 271P |
| 650 ## - SUBJECT ADDED ENTRY--TOPICAL TERM | |
| Topical term or geographic name entry element | SOLAR ENERGY |
| 9 (RLIN) | 3179 |
| 942 ## - ADDED ENTRY ELEMENTS (KOHA) | |
| Koha item type | Book |
| Withdrawn status | Lost status | Damaged status | Not for loan | Permanent Location | Current Location | Shelving location | Date acquired | Total Checkouts | Full call number | Barcode | Date last seen | Price effective from | Koha item type |
|---|---|---|---|---|---|---|---|---|---|---|---|---|---|
| College of Electrical & Mechanical Engineering (CEME) | College of Electrical & Mechanical Engineering (CEME) | General Stacks | 05/08/2017 | 621.4 MCD'S | CEME-15190 | 06/28/2021 | 06/28/2021 | Book |
